In The Kitchen - Renee Rapp (All Lyrics) - Statistics

General Stats
  • This quiz has been taken 64 times
  • The average score is 308 of 376
Answer Stats
Lyrics % Correct
a
100%
an
100%
And
100%
and
100%
hear
100%
I
100%
in
100%
it"
100%
it)
100%
it
100%
love
100%
love,
100%
me
100%
me,
100%
no,
100%
the
100%
The
100%
you
100%
You
100%
you,
100%
kitchen,
97%
to
97%
be
95%
it's
95%
its
95%
so
95%
So
95%
we
95%
where
95%
(Where
95%
your
95%
all
92%
'Cause
92%
I'm
92%
that
92%
When
92%
but
89%
But
89%
don't
89%
for
89%
have
89%
just
89%
my
89%
our
89%
walk
89%
alone
86%
at
86%
favor
86%
now
86%
on
86%
play
86%
still
86%
too
86%
Too
86%
(Too
86%
feet
84%
floor
84%
heart
84%
hits
84%
hundred
84%
is
84%
living
84%
lovers
84%
melodies
84%
piano
84%
room
84%
square
84%
Strangers
84%
We're
84%
with
84%
afford
81%
can't
81%
dance
81%
enemies
81%
fall
81%
Fallin'
81%
fallin'
81%
ghost
81%
home
81%
I'll
81%
know
81%
some
81%
this
81%
try
81%
up
81%
videos
81%
young,
81%
ain't
78%
Ain't
78%
delete
78%
dumb
78%
ER
78%
everyone
78%
favorite
78%
memories
78%
of
78%
scared
78%
big
76%
bittersweet
76%
clothes
76%
Could've
76%
could've
76%
knife
76%
LA
76%
least
76%
trip
76%
us
76%
weak
76%
decency
73%
knows
73%
missin'
73%
playlist,
73%
say,
73%
another
70%
careful,
70%
couch
70%
Deleted
70%
from
70%
(From
70%
Has
70%
New
70%
packed
70%
"Please
70%
real
70%
shown
70%
you've
70%
Done
68%
made
68%
way,
68%
who
68%
would
68%
York
68%
back
65%
been
65%
been)
65%
behind
65%
behind)
65%
cookin'
65%
holding
65%
how
65%
miles
65%
once
65%
sat
65%
thousand
65%
dinner
62%
end
62%
end)
62%
funny
62%
hell
62%
knew
62%
see
62%
three
62%
you're
62%
Falling
59%
over
59%
time
59%
Askin'
57%
come
57%
(Come
57%
dead
54%
loved
54%
talkin'
54%
Told
54%
used
54%
known
51%
pillows
51%
would've
51%
Ooh
49%
ooh
49%
shows
49%
These
49%
two
49%
vision
49%
weeks
49%
nothing
46%
showed
41%
No matching quizzes found
Score Distribution
Percent of People with Each Score
Percentile by Number Answered
Your Score History
You have not taken this quiz